<?xml version="1.0" encoding="UTF-8"?>
<record
    xmlns:xsi="http://www.w3.org/2001/XMLSchema-instance"
    xsi:schemaLocation="http://www.loc.gov/MARC21/slim http://www.loc.gov/standards/marcxml/schema/MARC21slim.xsd"
    xmlns="http://www.loc.gov/MARC21/slim">

  <leader>02429nam a22003857a 4500</leader>
  <datafield tag="999" ind1=" " ind2=" ">
    <subfield code="c">23421</subfield>
    <subfield code="d">23421</subfield>
  </datafield>
  <controlfield tag="003">AR-CdUCM</controlfield>
  <controlfield tag="008">251219b2025    pe ||||| |||| 00| 0 spa d</controlfield>
  <datafield tag="020" ind1=" " ind2=" ">
    <subfield code="a">978-612-4236-53-2</subfield>
  </datafield>
  <datafield tag="040" ind1=" " ind2=" ">
    <subfield code="a">MUNICIPALIDAD PROVINCIAL DEL CUSCO</subfield>
    <subfield code="c">BIBLIOTECA MUNICIPAL DEL CUSCO</subfield>
  </datafield>
  <datafield tag="082" ind1=" " ind2=" ">
    <subfield code="a">338 /</subfield>
    <subfield code="b">B72</subfield>
  </datafield>
  <datafield tag="100" ind1=" " ind2=" ">
    <subfield code="a">Bol&#xED;var Yapura, Wilber.</subfield>
  </datafield>
  <datafield tag="110" ind1=" " ind2=" ">
    <subfield code="a">Universidad Nacional de San Antonio Abad del Cusco /</subfield>
    <subfield code="9">15942</subfield>
  </datafield>
  <datafield tag="245" ind1=" " ind2=" ">
    <subfield code="a">El oro de Sillustani /</subfield>
    <subfield code="b">Metalurgia, s&#xED;mbolos de poder y ancestros .</subfield>
  </datafield>
  <datafield tag="260" ind1=" " ind2=" ">
    <subfield code="a">Cusco </subfield>
    <subfield code="b">Universidad Nacional San Antonio Abad del Cusco /</subfield>
    <subfield code="c">2025</subfield>
  </datafield>
  <datafield tag="300" ind1=" " ind2=" ">
    <subfield code="a">288 p&#xE1;ginas. :</subfield>
    <subfield code="c">17 x 24 cm.</subfield>
  </datafield>
  <datafield tag="500" ind1=" " ind2=" ">
    <subfield code="z">P&#xE1;ginas del 235 al 258</subfield>
  </datafield>
  <datafield tag="505" ind1=" " ind2=" ">
    <subfield code="a">Aspectos generales y medio geogr&#xE1;ficos -- Introducci&#xF3;n a los procedimientos -- Localizaci&#xF3;n y v&#xED;as acceso -- Medio geogr&#xE1;fico -- Clima -- Apreciaciones y comentario -- Topograf&#xED;a -- Altura y l&#xED;mites -- Geolog&#xED;a del &#xE1;rea de estudio -- Estratigraf&#xED;a -- Reconocimiento -- Flora y Fauna -- Delimitaci&#xF3;n -- Metalurgia en estado de la cuesti&#xF3;n -- Introducci&#xF3;n a los procedimientos -- Referencias  etnohist&#xF3;ricas -- Presencia humana -- Introducci&#xF3;n a los procedimientos -- Secuencia ocupacional del sitio -- El Horizonte Temprano del circum Titicaca -- Los metales -- Antecedentes -- Huellas de la miner&#xED;a  -- Yacimientos -- Explotaci&#xF3;n de minerales -- Beneficio -- T&#xE9;cnicas metal&#xFA;rgicas y sus procedimientos -- Forjado del metal -- Recuperaci&#xF3;n de los objetos de oro hallados en Sillustani -- Fichas descriptivas -- Apreciaciones y comentarios finales -- Desarrollo de la metalurgia -- Arquitectura monumental -- Objetos inventariados de oro....                                                                                                               </subfield>
  </datafield>
  <datafield tag="650" ind1=" " ind2=" ">
    <subfield code="a">Medio geogr&#xE1;fico</subfield>
    <subfield code="9">51763</subfield>
  </datafield>
  <datafield tag="650" ind1=" " ind2=" ">
    <subfield code="a">Altura y l&#xED;mites</subfield>
    <subfield code="9">51764</subfield>
  </datafield>
  <datafield tag="650" ind1=" " ind2=" ">
    <subfield code="a">&#xC1;rea del estudio</subfield>
    <subfield code="9">51765</subfield>
  </datafield>
  <datafield tag="650" ind1=" " ind2=" ">
    <subfield code="a">Los procedimientos</subfield>
    <subfield code="9">51766</subfield>
  </datafield>
  <datafield tag="650" ind1=" " ind2=" ">
    <subfield code="a">Referencias sobre metal&#xFA;rgia</subfield>
    <subfield code="9">51767</subfield>
  </datafield>
  <datafield tag="650" ind1=" " ind2=" ">
    <subfield code="a">Presencia en Sillustani  y alrededores</subfield>
    <subfield code="9">51768</subfield>
  </datafield>
  <datafield tag="650" ind1=" " ind2=" ">
    <subfield code="a">Antecedentes en los andes</subfield>
    <subfield code="9">51769</subfield>
  </datafield>
  <datafield tag="650" ind1=" " ind2=" ">
    <subfield code="a">Huellas de la miner&#xED;a</subfield>
    <subfield code="9">51770</subfield>
  </datafield>
  <datafield tag="650" ind1=" " ind2=" ">
    <subfield code="a">Yacimientos</subfield>
    <subfield code="9">43133</subfield>
  </datafield>
  <datafield tag="650" ind1=" " ind2=" ">
    <subfield code="a">Explotaci&#xF3;n</subfield>
    <subfield code="9">25606</subfield>
  </datafield>
  <datafield tag="650" ind1=" " ind2=" ">
    <subfield code="a">Minas antiguas</subfield>
    <subfield code="9">51771</subfield>
  </datafield>
  <datafield tag="650" ind1=" " ind2=" ">
    <subfield code="a">Metalurgia y culturas</subfield>
    <subfield code="9">51772</subfield>
  </datafield>
  <datafield tag="650" ind1=" " ind2=" ">
    <subfield code="a">T&#xE9;cnicas y procedimientos</subfield>
    <subfield code="9">51773</subfield>
  </datafield>
  <datafield tag="856" ind1=" " ind2=" ">
    <subfield code="f">www.unsaac.edu.pe</subfield>
  </datafield>
  <datafield tag="942" ind1=" " ind2=" ">
    <subfield code="2">ddc</subfield>
    <subfield code="c">LIBROS</subfield>
  </datafield>
  <datafield tag="945" ind1=" " ind2=" ">
    <subfield code="a">jmacs</subfield>
    <subfield code="d">19/12/2025</subfield>
  </datafield>
  <datafield tag="952" ind1=" " ind2=" ">
    <subfield code="0">0</subfield>
    <subfield code="2">ddc</subfield>
    <subfield code="4">0</subfield>
    <subfield code="7">0</subfield>
    <subfield code="a">SH</subfield>
    <subfield code="b">SH</subfield>
    <subfield code="c">CART</subfield>
    <subfield code="d">2025-12-19</subfield>
    <subfield code="e">Donaci&#xF3;n</subfield>
    <subfield code="g">55.00</subfield>
    <subfield code="o">338 / B72</subfield>
    <subfield code="p">SH0000017032</subfield>
    <subfield code="r">2025-12-19</subfield>
    <subfield code="y">LIBROS</subfield>
  </datafield>
</record>
